000 00425nam a22001697a 4500
005 20200607151510.0
008 200607b xxu||||| |||| 00| 0 eng d
020 _a9788174734150
041 _aeng
082 _a616.07
100 _aPUNIA, RAJPAL S.
_95652
245 _aREVIEW OF PATHOLOGY (QUESTION AND ANSWER)
260 _aDELHI
_bAITBS PUBLISHERS, INDIA
300 _a310;p
650 _aPHARMACY
_95847
942 _cBK
999 _c6912
_d6910